LIBRARY & INFORMATION CENTRE, KCAET, TAVANUR

ONLINE PUBLIC ACCESS CATALOGUE (OPAC)

Textbook of electrical technology, Vol 1 Basic electrical engineering (Record no. 15528)

MARC details
000 -LEADER
fixed length control field 00412nam a22001457a 4500
003 - CONTROL NUMBER IDENTIFIER
control field OSt
008 - FIXED-LENGTH DATA ELEMENTS--GENERAL INFORMATION
fixed length control field 180917b ||||| |||| 00| 0 eng d
020 ## - INTERNATIONAL STANDARD BOOK NUMBER
ISBN 812190515X
082 ## - DEWEY DECIMAL CLASSIFICATION NUMBER
Classification number 621.3
Item number THE/TE
100 ## - MAIN ENTRY--AUTHOR NAME
Personal name Theraja, B.L
245 ## - TITLE STATEMENT
Title Textbook of electrical technology, Vol 1 Basic electrical engineering
260 ## - PUBLICATION, DISTRIBUTION, ETC. (IMPRINT)
Place of publication New Delhi
Name of publisher Nirja construction and development
Year of publication 1995
300 ## - PHYSICAL DESCRIPTION
Number of Pages 1-592
942 ## - ADDED ENTRY ELEMENTS (KOHA)
Koha item type Book Bank scheme for SC students
Holdings
Withdrawn status Lost status Damaged status Home library Current library Date acquired Full call number Accession Number Koha item type
      KAUAET KAUAET 17/09/2018 621.3 THE/TE 18843 Book Bank scheme for SC students
free website counter